Rally Finland - winners (1973 - now) - Statistics

General Stats
  • This quiz has been taken 86 times
    45 since last reset
  • The average score is 39 of 52
Answer Stats
Year Car Country of origin Winner % Correct
2013 Volkswagen Polo R WRC France Sébastien Ogier
100%
2024 Toyota GR Yaris Rally1 France Sébastien Ogier
100%
2018 Toyota Yaris WRC Estonia Ott Tänak
94%
2019 Toyota Yaris WRC Estonia Ott Tänak
94%
2022 Hyundai i20 N Rally1 Estonia Ott Tänak
94%
2010 Ford Focus RS WRC 09 Finland Jari-Matti Latvala
84%
2014 Volkswagen Polo R WRC Finland Jari-Matti Latvala
84%
2015 Volkswagen Polo R WRC Finland Jari-Matti Latvala
84%
2000 Peugeot 206 WRC Finland Marcus Grönholm
84%
2001 Peugeot 206 WRC Finland Marcus Grönholm
84%
2002 Peugeot 206 WRC Finland Marcus Grönholm
84%
2004 Peugeot 307 WRC Finland Marcus Grönholm
84%
2005 Peugeot 307 WRC Finland Marcus Grönholm
84%
2006 Ford Focus RS WRC 06 Finland Marcus Grönholm
84%
2007 Ford Focus RS WRC 07 Finland Marcus Grönholm
84%
2008 Citroën C4 WRC France Sébastien Loeb
84%
2011 Citroën DS3 WRC France Sébastien Loeb
84%
2012 Citroën DS3 WRC France Sébastien Loeb
84%
1981 Ford Escort RS1800 Finland Ari Vatanen
81%
1984 Peugeot 205 Turbo 16 Finland Ari Vatanen
81%
2021 Toyota Yaris WRC United Kingdom Elfyn Evans
81%
2023 Toyota GR Yaris Rally1 United Kingdom Elfyn Evans
81%
1990 Toyota Celica GT-Four ST165 Spain Carlos Sainz
77%
2017 Toyota Yaris WRC Finland Esapekka Lappi
77%
1991 Lancia Delta Integrale 16V Finland Juha Kankkunen
77%
1993 Toyota Celica Turbo 4WD Finland Juha Kankkunen
77%
1999 Subaru Impreza WRC 99 Finland Juha Kankkunen
77%
1994 Ford Escort RS Cosworth Finland Tommi Mäkinen
77%
1995 Mitsubishi Lancer Evolution III Finland Tommi Mäkinen
77%
1996 Mitsubishi Lancer Evolution III Finland Tommi Mäkinen
77%
1997 Mitsubishi Lancer Evolution IV Finland Tommi Mäkinen
77%
1998 Mitsubishi Lancer Evolution V Finland Tommi Mäkinen
77%
1976 Fiat 131 Abarth Finland Markku Alén
71%
1978 Fiat 131 Abarth Finland Markku Alén
71%
1979 Fiat 131 Abarth Finland Markku Alén
71%
1980 Fiat 131 Abarth Finland Markku Alén
71%
1987 Lancia Delta HF 4WD Finland Markku Alén
71%
1988 Lancia Delta Integrale Finland Markku Alén
71%
2009 Ford Focus RS WRC 09 Finland Mikko Hirvonen
71%
1973 Ford Escort RS1600 Finland Timo Mäkinen
71%
2016 Citroën DS3 WRC United Kingdom Kris Meeke
61%
2003 Ford Focus RS WRC 03 Estonia Markko Märtin
61%
1992 Lancia Delta HF Integrale France Didier Auriol
58%
1974 Ford Escort RS1600 Finland Hannu Mikkola
58%
1975 Toyota Corolla Finland Hannu Mikkola
58%
1982 Audi Quattro Finland Hannu Mikkola
58%
1983 Audi Quattro A2 Finland Hannu Mikkola
58%
2025 Toyota GR Yaris Rally1 Finland Kalle Rovanperä
58%
1985 Peugeot 205 Turbo 16 E2 Finland Timo Salonen
58%
1986 Peugeot 205 Turbo 16 E2 Finland Timo Salonen
58%
1989 Mitsubishi Galant VR-4 Sweden Mikael Ericsson
42%
1977 Ford Escort RS1800 Finland Kyösti Hämäläinen
35%
No matching quizzes found
Score Distribution
Percent of People with Each Score
Percentile by Number Answered
Your Score History
You have not taken this quiz since the last reset